000 01530cam a2200169 4500500
005 20260208001854.0
041 _afre
042 _adc
100 1 0 _aEmmanouilidou, Lina
_eauthor
245 0 0 _aLuis ARROYO JIMÉNEZ, “Infrastructure planning in Spain – Public participation and legal protection”, Journal for European Environmental & Planning Law, Volume 11, Number 3, 2014, p. 232-248
260 _c2015.
500 _a84
520 _aLa réforme territoriale qui débute en 2014 n’est pas une réforme portant principalement sur la décentralisation de nouvelles compétences. Elle est d’abord et avant tout une réforme visant l’intégration de l’action publique territoriale, du niveau européen au niveau local, et dont l’environnement est l’un des enjeux, que ce soit dans les espaces ruraux ou les espaces urbains. Elle privilégie cependant à ce propos le niveau régional.
520 _aThe territorial reform that began in 2014 is not a reform focusing on decentralization new competences. It is first and foremost a reform on the integration of territorial public action, from European to local level, and for which the environment is one of the issues, whether in rural areas or urban spaces. However, it emphasizes in this regard the regional level.
786 0 _nRevue juridique de l’environnement | Volume 40 | 3 | 2015-08-27 | p. 577a-578a | 0397-0299
856 4 1 _uhttps://droit.cairn.info/revue-juridique-de-l-environnement-2015-3-page-577a?lang=fr&redirect-ssocas=7080
999 _c1645580
_d1645580